|
|
|
|
| LEADER |
00000nam0a2200000 4500 |
| 001 |
176730 |
| 005 |
20231031165355.0 |
| 020 |
|
|
|a RU
|b 80-65970
|
| 035 |
|
|
|a (RuTPU)RU\TPU\book\191622
|
| 090 |
|
|
|a 176730
|
| 100 |
|
|
|a 20100304d1980 km y0rusy5003 ca
|
| 101 |
0 |
|
|a rus
|
| 102 |
|
|
|a RU
|
| 105 |
|
|
|a a z 001zy
|
| 200 |
1 |
|
|a Физические методы модификации полимерных материалов
|f В. Н. Кестельман
|
| 210 |
|
|
|a Москва
|c Химия
|d 1980
|
| 215 |
|
|
|a 223 с.
|c ил.
|
| 610 |
1 |
|
|a полимеры
|
| 610 |
1 |
|
|a модифицирование
|
| 610 |
1 |
|
|a полимерные материалы
|
| 610 |
1 |
|
|a физические методы
|
| 610 |
1 |
|
|a термическая модификация
|
| 610 |
1 |
|
|a лучевые методы
|
| 610 |
1 |
|
|a вакуумная обработка
|
| 675 |
|
|
|a 678.02
|z rus
|
| 700 |
|
1 |
|a Кестельман
|b В. Н.
|g Владимир Николаевич
|4 070
|
| 801 |
|
0 |
|a RU
|b RuMRKP
|c 19950704
|g psbo
|
| 801 |
|
1 |
|a RU
|b 63413507
|c 20100304
|
| 801 |
|
2 |
|a RU
|b 63413507
|c 20220512
|g RCR
|
| 942 |
|
|
|c BK
|